Ethical issues in journalism and the media / (Record no. 11324)
[ view plain ]
| 000 -LEADER | |
|---|---|
| fixed length control field | 02202cam a2200517 a 4500 |
| 001 - CONTROL NUMBER | |
| control field | ocm25508561 |
| 003 - CONTROL NUMBER IDENTIFIER | |
| control field | OCoLC |
| 005 - DATE AND TIME OF LATEST TRANSACTION | |
| control field | 20241101132003.0 |
| 008 - FIXED-LENGTH DATA ELEMENTS--GENERAL INFORMATION | |
| fixed length control field | 920225s1992 enk b 000 0 eng |
| 010 ## - LIBRARY OF CONGRESS CONTROL NUMBER | |
| LC control number | 92004869 |
| 015 ## - NATIONAL BIBLIOGRAPHY NUMBER | |
| National bibliography number | GB93-2126 |
| 020 ## - INTERNATIONAL STANDARD BOOK NUMBER | |
| International Standard Book Number | 0415069262 |
| 020 ## - INTERNATIONAL STANDARD BOOK NUMBER | |
| International Standard Book Number | 0415069270 (pbk.) |
| 029 1# - OTHER SYSTEM CONTROL NUMBER (OCLC) | |
| OCLC library identifier | UKM |
| System control number | b9302126 |
| 029 1# - OTHER SYSTEM CONTROL NUMBER (OCLC) | |
| OCLC library identifier | NLGGC |
| System control number | 094560714 |
| 029 1# - OTHER SYSTEM CONTROL NUMBER (OCLC) | |
| OCLC library identifier | YDXCP |
| System control number | 376535 |
| 029 1# - OTHER SYSTEM CONTROL NUMBER (OCLC) | |
| OCLC library identifier | YDXCP |
| System control number | 376536 |
| 029 1# - OTHER SYSTEM CONTROL NUMBER (OCLC) | |
| OCLC library identifier | NZ1 |
| System control number | 5048805 |
| 029 1# - OTHER SYSTEM CONTROL NUMBER (OCLC) | |
| OCLC library identifier | AU@ |
| System control number | 000009006538 |
| 035 ## - SYSTEM CONTROL NUMBER | |
| System control number | (OCoLC)25508561 |
| Canceled/invalid control number | (OCoLC)27430204 |
| 040 ## - CATALOGING SOURCE | |
| Original cataloging agency | DLC |
| Transcribing agency | LOC |
| Modifying agency | WEA |
| -- | UKM |
| -- | BAKER |
| -- | NLGGC |
| -- | BTCTA |
| -- | LVB |
| -- | YDXCP |
| -- | U6G |
| 049 ## - LOCAL HOLDINGS (OCLC) | |
| Holding library | U6GA |
| 050 00 - LIBRARY OF CONGRESS CALL NUMBER | |
| Classification number | PN 4756/ETH |
| 082 00 - DEWEY DECIMAL CLASSIFICATION NUMBER | |
| Classification number | 174/.9097 |
| Edition number | 20 |
| 084 ## - OTHER CLASSIFICATION NUMBER | |
| Classification number | 08.38 |
| Number source | bcl |
| 084 ## - OTHER CLASSIFICATION NUMBER | |
| Classification number | 05.02 |
| Number source | bcl |
| 090 ## - LOCALLY ASSIGNED LC-TYPE CALL NUMBER (OCLC); LOCAL CALL NUMBER (RLIN) | |
| Classification number (OCLC) (R) ; Classification number, CALL (RLIN) (NR) | PN4756 |
| Local cutter number (OCLC) ; Book number/undivided call number, CALL (RLIN) | .Et3 |
| 245 00 - TITLE STATEMENT | |
| Title | Ethical issues in journalism and the media / |
| Statement of responsibility, etc. | edited by Andrew Belsey and Ruth Chadwick. |
| 260 ## - PUBLICATION, DISTRIBUTION, ETC. | |
| Place of publication, distribution, etc. | London ; |
| -- | New York : |
| Name of publisher, distributor, etc. | Routledge, |
| Date of publication, distribution, etc. | 1992. |
| 300 ## - PHYSICAL DESCRIPTION | |
| Extent | xiii, 179 p. ; |
| Dimensions | 22 cm. |
| 490 1# - SERIES STATEMENT | |
| Series statement | Professional ethics. |
| 504 ## - BIBLIOGRAPHY, ETC. NOTE | |
| Bibliography, etc. note | Includes bibliographical references (p. [171]-174) and index. |
| 505 0# - FORMATTED CONTENTS NOTE | |
| Formatted contents note | Ethics and politics of the media : the quest for quality / Andrew Belsey and Ruth Chadwick -- Journalism in the market place / John O'Neill -- Owners, editors and journalists / Bruce Hanlin -- Freedom of speech, the media and the law / David Burnet -- Codes of conduct for journalists / Nigel G.E. Harris -- Privacy, publicity and politics / Andrew Belsey -- Honesty in investigative journalism / Jennifer Jackson -- Objectivity, bias and truth / Andrew Edgar -- Women and the press / Teresa Stratford -- The oxygen of publicity : terrorism and reporting restrictions / Paul Gilbert -- Something more important than truth : ethical issues in war reporting / Kevin Williams. |
| 590 ## - LOCAL NOTE (RLIN) | |
| Local note | agb/10/7/2009. |
| 650 #0 - SUBJECT ADDED ENTRY--TOPICAL TERM | |
| Topical term or geographic name entry element | Journalistic ethics. |
| 650 #0 - SUBJECT ADDED ENTRY--TOPICAL TERM | |
| Topical term or geographic name entry element | Journalism |
| General subdivision | Philosophy. |
| 650 #0 - SUBJECT ADDED ENTRY--TOPICAL TERM | |
| Topical term or geographic name entry element | Journalism |
| General subdivision | Objectivity. |
| 650 #0 - SUBJECT ADDED ENTRY--TOPICAL TERM | |
| Topical term or geographic name entry element | Privacy, Right of. |
| 650 #0 - SUBJECT ADDED ENTRY--TOPICAL TERM | |
| Topical term or geographic name entry element | Mass media |
| General subdivision | Moral and ethical aspects. |
| 700 1# - ADDED ENTRY--PERSONAL NAME | |
| Personal name | Belsey, Andrew. |
| 700 1# - ADDED ENTRY--PERSONAL NAME | |
| Personal name | Chadwick, Ruth F. |
| 830 #0 - SERIES ADDED ENTRY--UNIFORM TITLE | |
| Uniform title | Professional ethics. |
| 907 ## - LOCAL DATA ELEMENT G, LDG (RLIN) | |
| a | .b10752791 |
| d | a |
| 942 ## - ADDED ENTRY ELEMENTS (KOHA) | |
| Source of classification or shelving scheme | Library of Congress Classification |
| Koha item type | Books |
| 998 ## - LOCAL CONTROL INFORMATION (RLIN) | |
| Operator's initials, OID (RLIN) | 13-07-09 |
| Cataloger's initials, CIN (RLIN) | m |
| First Date, FD (RLIN) | a |
| Date last seen | Accession number | Total Checkouts | Full call number | Barcode | Copy number | Price effective from | Koha item type | Lost status | Source of classification or shelving scheme | Damaged status | Not for loan | Withdrawn status | Home library | Current library | Shelving location | Date acquired |
|---|---|---|---|---|---|---|---|---|---|---|---|---|---|---|---|---|
| 01.11.2024 | 006805-5786 | PN 4756/ETH | 0000000078 | C1 | 01.11.2024 | Books | Library of Congress Classification | Institute of Film and Television Campus | Institute of Film and Television Campus | Main Shelve | 01.11.2024 |